| 000 | 00574nam a2200205 a 4500 | ||
|---|---|---|---|
| 001 | 000022685 | ||
| 005 | 20200930021734.0 | ||
| 008 | 101115s1993 sp r 000 j spa d | ||
| 020 | _a8476832540 | ||
| 040 |
_aDO-SdBNP _bspa _cBNPHU |
||
| 082 |
_a863.64 _bO51t |
||
| 100 | 1 |
_aOlmo, Laura _d1922-1994 _946639 |
|
| 245 | 1 | 0 |
_aTituladlo como queráis / _cLaura Olmo. |
| 250 |
_aMadrid : _bLibertarias, |
||
| 260 |
_aMadrid : _bLibertarias, _c1993. |
||
| 300 |
_a92 p. ; _c22 cm. |
||
| 650 | 4 |
_aCuentos españoles _93194 |
|
| 650 | 4 |
_aLiteratura española _9632 |
|
| 049 | _aBNGR | ||
| 999 |
_c22182 _d22182 |
||